Normal view
MARC view
Entry Meeting Name
001 - CONTROL NUMBER
- control field: 12557
003 - CONTROL NUMBER IDENTIFIER
- control field: OSt
005 - DATE AND TIME OF LATEST TRANSACTION
- control field: 20211105133525.0
008 - FIXED-LENGTH DATA ELEMENTS
- fixed length control field: 211105|| aca||aabn | a|a d
040 ## - CATALOGING SOURCE
- Original cataloging agency: OSt
- Transcribing agency: OSt
111 ## - HEADING--MEETING NAME
- Meeting name or jurisdiction name as entry element: ESA/ESO Workshop on Astronomical Uses of the Space Telescope
- Location of meeting: Switzerland
- Date of meeting or treaty signing: 1982 Mar. 29- Apr. 30
670 ## - SOURCE DATA FOUND
- Source citation: Work cat.: (OSt): ESA/ESO Workshop on Astronomical Uses of the Space Telescope Switzerland 1982 Mar. 29- Apr. 30, Astronomical uses of the space telescope, 1979